Datum a čas kvízu
33.5
Celkem bodů
Celkový počet nahraných bodů na tomto kvízu bez doplňovacích otázek.
7.
Pořadí na kvízu
Konečné umístění týmu na tomto kvízu.
Zaznamenané odpovědi
| # | Otázka | Odpověď | Body | Výsledky |
|---|---|---|---|---|
| 1. | Jistý zlomyslný muž odstranil... | v Brně | 1 | |
| 2. | Jihokorejská vláda nasadila na... | na hledání štěnic | 0 | |
| 3. | Jeden z nejkrásnějších, ale té... | Jennifer Lopez, Ben Affleck | 1 | |
| 4. | Fanoušci značky Škoda vybrali... | Kylaq | 0 | |
| 5. | Při fotbalovém zápase peruánsk... | močil (u rohového praporku) | 1 | |
| 6. | Historie Texasu je těsně spoje... | San Antonio | 1 | |
| 7. | Hranici mezi Texasem a Mexikem... | Colorado | 0 | |
| 8. | Jedním z důvodů navštívit Hous... | Saturn V | 0 | |
| 9. | Jak se jmenuje severní soused... | Oklahoma | 1 | |
| 10. | Mezi několik známých osobností... | Eva Longoria, Zoufalé manželky | 1 |